000 00531nam a22001697a 4500
005 2009041809569.0
008 090418t xxu||||| |||| 00| 0 eng d
022 _a0972-5652
040 _aDPL
082 _a370
245 _aIndian Educatonal abstracts
260 _aNew Delhi
_bNational Council of Educational Research and Training
_c2007
300 _av.
_c24 cm
310 _asemi annual
942 _2ddc
_cSR
_h370
_s1
999 _c25796
_d25796